[Event "CHN-chT"]
[Site "Qingdao"]
[Date "2024.04.04"]
[Round "3.2"]
[White "Li, Chao B"]
[Black "Lou, Yiping"]
[Result "1-0"]
[WhiteElo "2651"]
[BlackElo "2458"]
[PlyCount "91"]
[EventDate "2024.04.02"]
[EventType "team-swiss"]
[EventRounds "9"]
[EventCountry "CHN"]
[SourceTitle "CB16_2024"]
[SourceDate "2024.04.17"]
[SourceVersion "1"]
[SourceVersionDate "2024.04.17"]
[SourceQuality "1"]
[WhiteTeam "Beijing"]
[BlackTeam "Shanghai"]
[WhiteTeamCountry "CHN"]
[BlackTeamCountry "CHN"]

1. e4 e5 2. Nf3 Nc6 3. Bb5 a6 4. Ba4 Nf6 5. 0-0 Be7 6. Bxc6 dxc6 7. d3 Nd7 8. Nbd2 f6 9. Nc4 Nc5 10. Nh4 Be6 11. Na5 Qd6 12. Nf5 Bxf5 13. exf5 0-0-0 14. a4 Qd5 15. Qe1 g6 16. b4 Nd7 17. fxg6 hxg6 18. Bd2 Nf8 19. Qe3 Kb8 20. b5 Bc5 21. Qg3 cxb5 22. axb5 axb5 23. Nb3 Ne6 24. Qxg6 Bd6 25. Qe4 Qxe4 26. dxe4 c5 27. Rab1 c4 28. Nc1 Bc5 29. Ba5 Rdg8 30. Ne2 Rg4 31. Rxb5 Rxe4 32. Ng3 Rf4 33. Bd2 Rfh4 34. Be3 Bxe3 35. fxe3 Nc7 36. Rc5 b6 37. Rb1 b5 38. h3 Rd8 39. Nf5 Rh5 40. e4 Rd2 41. Rxc4 Rg5 42. g4 Rg8 43. Ne7 Rh8 44. Nd5 Rxh3 45. Nxc7 Rg3+ 46. Kf1 1-0

[Event "CHN-chT"]
[Site "Qingdao"]
[Date "2024.04.03"]
[Round "2.2"]
[White "Yu, Shaoteng"]
[Black "Li, Chao B"]
[Result "1/2-1/2"]
[WhiteElo "2481"]
[BlackElo "2651"]
[PlyCount "75"]
[EventDate "2024.04.02"]
[EventType "team-swiss"]
[EventRounds "9"]
[EventCountry "CHN"]
[SourceTitle "CB16_2024"]
[SourceDate "2024.04.17"]
[SourceVersion "1"]
[SourceVersionDate "2024.04.17"]
[SourceQuality "1"]
[WhiteTeam "Shenzhen"]
[BlackTeam "Beijing"]
[WhiteTeamCountry "CHN"]
[BlackTeamCountry "CHN"]

1. e4 c5 2. Nf3 Nc6 3. Bb5 Nf6 4. Bxc6 dxc6 5. d3 Qc7 6. Bg5 Nd7 7. Nbd2 g6 8. 0-0 Bg7 9. Qc1 h6 10. Be3 e5 11. c3 f5 12. exf5 gxf5 13. Re1 0-0 14. Nb3 Kh7 15. Nxc5 Nxc5 16. Bxc5 Rg8 17. Qe3 b6 18. Ba3 c5 19. Nxe5 Bb7 20. f3 f4 21. Qxf4 Raf8 22. Qe3 Rf5 23. Ng4 Rf7 24. d4 h5 25. Qd3+ Kh8 26. Ne5 Bxe5 27. Rxe5 Bxf3 28. g3 Bg4 29. Rae1 Qd6 30. h3 Rf3 31. R1e3 Bf5 32. Rxf3 Bxd3 33. Rxd3 Rf8 34. Re4 Qd5 35. Rde3 Qc4 36. Re2 Qd3 37. R4e3 Qb1+ 38. Kh2 1/2-1/2

[Event "CHN-chT"]
[Site "Nanjing"]
[Date "2023.02.17"]
[Round "4.1"]
[White "Bu, Xiangzhi"]
[Black "Li, Chao B"]
[Result "1/2-1/2"]
[WhiteElo "2698"]
[BlackElo "2672"]
[PlyCount "60"]
[EventDate "2023.02.14"]
[EventType "team-swiss"]
[EventRounds "9"]
[EventCountry "CHN"]
[SourceTitle "CBM 212 Extra"]
[Source "ChessBase"]
[SourceDate "2023.03.31"]
[SourceVersion "1"]
[SourceVersionDate "2023.03.31"]
[SourceQuality "1"]
[WhiteTeam "Shandong"]
[BlackTeam "Beijing"]
[WhiteTeamCountry "CHN"]
[BlackTeamCountry "CHN"]

1. d4 Nf6 2. c4 g6 3. Nc3 d5 4. cxd5 Nxd5 5. e4 Nxc3 6. bxc3 Bg7 7. Qa4+ Nd7 8. Nf3 0-0 9. Be2 Nb6 10. Qa3 Qd6 11. 0-0 Be6 12. d5 Bg4 13. Rb1 f5 14. h3 Bxf3 15. Bxf3 fxe4 16. Bxe4 Qe5 17. Bc2 Nxd5 18. Rxb7 Nxc3 19. Bd3 Kh8 20. Bb2 Rad8 21. Bc4 Rd2 22. Bxc3 Qxc3 23. Qxc3 Bxc3 24. Rxc7 Bd4 25. Rxe7 Rdxf2 26. Rxf2 Bxf2+ 27. Kf1 Bc5+ 28. Rf7 Rxf7+ 29. Bxf7 Kg7 30. Bb3 Kf6 1/2-1/2

[Event "SCO National Online"]
[Site "Chess.com INT"]
[Date "2022.11.19"]
[Round "4"]
[White "Iniyan, Panneerseluam"]
[Black "Li, Chao B"]
[Result "1/2-1/2"]
[WhiteElo "2534"]
[BlackElo "2672"]
[PlyCount "230"]
[EventDate "2022.11.19"]
[EventType "team-swiss (rapid)"]
[EventRounds "9"]
[EventCountry "USA"]
[SourceTitle "CBM 211 Extra"]
[Source "ChessBase"]
[SourceDate "2023.01.31"]
[SourceVersion "1"]
[SourceVersionDate "2023.01.31"]
[SourceQuality "1"]
[WhiteTeam "India"]
[BlackTeam "China"]
[WhiteTeamCountry "IND"]
[BlackTeamCountry "CHN"]

1. d4 d5 2. c4 c6 3. Nf3 Nf6 4. Nc3 dxc4 5. a4 Bf5 6. e3 e6 7. Bxc4 Bb4 8. 0-0 0-0 9. Qe2 Nbd7 10. e4 Bg6 11. Bd3 Bh5 12. e5 Nd5 13. Nxd5 cxd5 14. Qe3 Be7 15. Bd2 Rc8 16. Ne1 Qb6 17. a5 Qd8 18. f4 f5 19. exf6 Bxf6 20. Qxe6+ Bf7 21. Qe3 Re8 22. Qf2 Bh5 23. Kh1 Nb8 24. Nf3 Bxf3 25. Qxf3 Nc6 26. Qh3 g6 27. f5 g5 28. Bxg5 Kh8 29. Bxf6+ Qxf6 30. a6 b6 31. Bb5 Re4 32. Rac1 Ne7 33. Rxc8+ Nxc8 34. Bd7 Nd6 35. Qg3 h5 36. Qf3 h4 37. Rd1 Kg7 38. Qh5 Rf4 39. Qg6+ Qxg6 40. fxg6 Nc4 41. g3 hxg3 42. hxg3 Rf3 43. Be6 Rxg3 44. Rc1 Nxb2 45. Rc7+ Kxg6 46. Rxa7 Ra3 47. Bxd5 b5 48. Be4+ Kg5 49. Ra8 Kf4 50. Bb7 Kg3 51. Rg8+ Kh3 52. Kg1 Nd3 53. Kf1 Ra2 54. Bc8+ Kh4 55. Rg4+ Kh5 56. Rg7 b4 57. Rg3 Nf4 58. Rb3 Nd5 59. Bb7 Nc7 60. Rxb4 Nxa6 61. Rb5+ Kg4 62. d5 Kf5 63. d6+ Kf6 64. Bc8 Rd2 65. Bxa6 Rxd6 66. Bb7 Re6 67. Kf2 Re5 68. Rb4 Kg5 69. Kf3 Rf5+ 70. Kg3 Re5 71. Be4 Rc5 72. Bf3 Re5 73. Rb8 Ra5 74. Rg8+ Kf5 75. Bg4+ Ke4 76. Re8+ Re5 77. Rd8 Ke3 78. Rd1 Re4 79. Bf5 Re5 80. Kg4 Ke2 81. Ra1 Ke3 82. Ra3+ Kd4 83. Kf4 Re1 84. Rd3+ Kc4 85. Be4 Rg1 86. Ke5 Rg5+ 87. Kf4 Rh5 88. Rd8 Kc5 89. Ke3 Rh3+ 90. Bf3 Rh4 91. Rd5+ Kc4 92. Re5 Rh3 93. Rf5 Rg3 94. Ke4 Rh3 95. Be2+ Kc3 96. Rd5 Rg3 97. Bf3 Rg8 98. Rc5+ Kb4 99. Rc1 Rd8 100. Ke5 Rd3 101. Bd5 Rc3 102. Ra1 Kc5 103. Ra8 Re3+ 104. Be4 Rc3 105. Rb8 Kc4 106. Rd8 Kc5 107. Bd3 Kb6 108. Kd4 Rc5 109. Be4 Ra5 110. Rd6+ Kc7 111. Rh6 Rb5 112. Bd5 Rb6 113. Rh7+ Kd6 114. Bc4 Kc6 115. Rh5 Kc7 1/2-1/2

[Event "SCO National Online"]
[Site "Chess.com INT"]
[Date "2022.11.19"]
[Round "3"]
[White "Li, Chao B"]
[Black "Nikitenko, Mihail"]
[Result "1-0"]
[WhiteElo "2672"]
[BlackElo "2484"]
[PlyCount "93"]
[EventDate "2022.11.19"]
[EventType "team-swiss (rapid)"]
[EventRounds "9"]
[EventCountry "USA"]
[SourceTitle "CBM 211 Extra"]
[Source "ChessBase"]
[SourceDate "2023.01.31"]
[SourceVersion "1"]
[SourceVersionDate "2023.01.31"]
[SourceQuality "1"]
[WhiteTeam "China"]
[BlackTeam "Belarus"]
[WhiteTeamCountry "CHN"]
[BlackTeamCountry "BLR"]

1. e4 e5 2. d4 exd4 3. Qxd4 Nc6 4. Qe3 Nf6 5. Bd2 Bb4 6. a3 Bxd2+ 7. Nxd2 0-0 8. 0-0-0 Re8 9. Ngf3 d5 10. Bb5 Be6 11. Rhe1 a6 12. Bxc6 bxc6 13. Qc3 dxe4 14. Nxe4 Bd5 15. Nxf6+ Qxf6 16. Qxf6 gxf6 17. Nd4 Re5 18. f4 Rh5 19. h3 Kf8 20. Rd2 Re8 21. Rxe8+ Kxe8 22. b4 c5 23. bxc5 Bc4 24. f5 Rg5 25. g4 Bf1 26. Rh2 h5 27. Nf3 hxg4 28. Nxg5 g3 29. Rd2 fxg5 30. Rd4 Bxh3 31. f6 Bf1 32. c6 Bb5 33. Rg4 Bxc6 34. Rxg3 Kd7 35. Rxg5 Ke6 36. Rc5 Kd6 37. Rc3 Bd5 38. Kd2 c6 39. Ke3 Ke6 40. Rc5 Kxf6 41. c4 Be6 42. Rxc6 Ke5 43. Kd3 f5 44. Rxa6 f4 45. Rxe6+ Kxe6 46. Ke4 Kd6 47. a4 1-0

[Event "CHN-chT Div-A Rapid"]
[Site "Fuling"]
[Date "2022.09.10"]
[Round "4.5"]
[White "Li, Chao B"]
[Black "Lu, Shanglei"]
[Result "1/2-1/2"]
[WhiteElo "2679"]
[BlackElo "2616"]
[PlyCount "44"]
[EventDate "2022.09.06"]
[EventType "team-tourn (rapid)"]
[EventRounds "11"]
[EventCountry "CHN"]
[SourceTitle "CBM 210 Extra"]
[Source "ChessBase"]
[SourceDate "2022.11.30"]
[SourceVersion "1"]
[SourceVersionDate "2022.11.30"]
[SourceQuality "1"]
[WhiteTeam "Beijing"]
[BlackTeam "Zhejiang"]
[WhiteTeamCountry "CHN"]
[BlackTeamCountry "CHN"]

1. d4 Nf6 2. c4 e6 3. g3 d5 4. Bg2 dxc4 5. Nf3 c5 6. 0-0 Nc6 7. Qa4 Bd7 8. dxc5 Na5 9. Qa3 Rc8 10. b4 cxb3 11. axb3 Rxc5 12. Bd2 Nc6 13. Qb2 Be7 14. b4 Rb5 15. Na3 Rb6 16. b5 a6 17. Be3 Bxa3 18. Qxa3 Rxb5 19. Rfb1 Ra5 20. Qb2 Rb5 21. Qa3 Ra5 22. Qb2 Rb5 1/2-1/2

[Event "CHN-chT"]
[Site "Liaocheng"]
[Date "2021.10.21"]
[Round "2.1"]
[White "Wei, Yi"]
[Black "Li, Chao B"]
[Result "1-0"]
[WhiteElo "2725"]
[BlackElo "2683"]
[PlyCount "61"]
[EventDate "2021.10.20"]
[EventType "team-swiss"]
[EventRounds "9"]
[EventCountry "CHN"]
[SourceTitle "CBM 204 Extra"]
[Source "ChessBase"]
[SourceDate "2021.11.30"]
[SourceVersion "1"]
[SourceVersionDate "2021.11.30"]
[SourceQuality "1"]
[WhiteTeam "Jiangsu"]
[BlackTeam "Beijing"]
[WhiteTeamCountry "CHN"]
[BlackTeamCountry "CHN"]

1. d4 d5 2. Nf3 Nf6 3. c4 c6 4. e3 g6 5. Nc3 Bg7 6. Be2 0-0 7. 0-0 dxc4 8. Bxc4 b5 9. Bd3 Bb7 10. e4 c5 11. e5 Ng4 12. Ng5 cxd4 13. Qxg4 dxc3 14. Rd1 Qc8 15. e6 f5 16. Qh4 h5 17. bxc3 Nc6 18. Bf4 b4 19. Be2 bxc3 20. Rd7 Ba6 21. Bf3 Bb5 22. a4 Qa6 23. Nf7 c2 24. Bxh5 gxh5 25. Nh6+ Kh7 26. Qxh5 Be2 27. Ng4+ Kg8 28. Nh6+ Kh7 29. g4 Qc4 30. Rxe7 Qc3 31. Nf7+ 1-0

[Event "PRO League KO Stage"]
[Site "Chess.com INT"]
[Date "2020.09.25"]
[Round "3.3"]
[White "So, Wesley"]
[Black "Li, Chao B"]
[Result "1-0"]
[WhiteElo "2770"]
[BlackElo "2683"]
[PlyCount "107"]
[EventDate "2020.03.02"]
[EventType "team-k.o. (rapid)"]
[EventRounds "4"]
[EventCountry "USA"]
[SourceTitle "EXT 2021"]
[Source "ChessBase"]
[SourceDate "2020.10.23"]
[SourceVersion "1"]
[SourceVersionDate "2020.10.23"]
[SourceQuality "1"]
[WhiteTeam "Saint Louis Arch Bishops"]
[BlackTeam "China Pandas"]
[WhiteTeamCountry "USA"]
[BlackTeamCountry "CHN"]

1. e4 c5 2. Nf3 d6 3. d4 cxd4 4. Nxd4 Nf6 5. f3 Nc6 6. c4 e6 7. Nc3 Be7 8. Be3 0-0 9. Qc2 Qc7 10. Nxc6 bxc6 11. Bd3 d5 12. cxd5 cxd5 13. exd5 exd5 14. 0-0 Bd6 15. h3 Re8 16. Bd4 Bc5 17. Bxc5 Qxc5+ 18. Qf2 d4 19. Ne4 Nxe4 20. Bxe4 Rb8 21. Rfd1 Rd8 22. Bxh7+ Kf8 23. Be4 Bb7 24. Rac1 Qb6 25. Bd3 Bd5 26. b3 Qf6 27. Bc4 a5 28. Qxd4 Bxc4 29. Qxc4 Qb6+ 30. Kh1 Kg8 31. Rxd8+ Rxd8 32. Qc5 Qh6 33. a4 Qf4 34. Re1 Qd2 35. Qe3 Qb4 36. Qe7 Qb6 37. Qe3 Qb4 38. Kh2 Rb8 39. Rd1 Rc8 40. Rd5 Qb8+ 41. Qe5 Qxb3 42. Rxa5 Qb6 43. Rb5 Qa7 44. a5 Rd8 45. Rb6 Kh7 46. Qg3 Rd5 47. Qh4+ Kg8 48. Qf4 Rxa5 49. Rb8+ Kh7 50. Rf8 Kg6 51. Qe4+ Kf6 52. Qc6+ Kg5 53. f4+ Kxf4 54. Rxf7+ 1-0